| 000 | 00000nam##2200000za#4500 |
| 001 | 9.602737 |
| 003 | CaOODSP |
| 005 | 20210624210725 |
| 007 | cr ||||||||||| |
| 008 | 150406|2002||||xxc|||||o f|0| 0 fre|d |
| 040 | |aCaOODSP|bfre |
| 043 | |an-cn--- |
| 086 | 1 |aFo29-47/28-2002F-PDF |
| 110 | 1 |aCanada.|bRessources naturelles Canada. |bService canadien des forêts. |
| 245 | 10|aExpérience sur la régéneration du pin blanc : |h[ressource électronique]|bconclusions d'intérêt pour les aménagistes / |c[par] D. Burgess, F. Pinto et S. Wetzel. |
| 260 | |aVictoria - Colombie Britannique : |bRessources naturelles Canada. |cFévrier 2002. |
| 300 | |a6p.|bgraphiques, tableaux, photographies |
| 490 | 1 |aNotes de transfert technologique|vN° 28 |
| 500 | |aLe n° de catalogue (Fo29-47/28-2002F) et l'ISBN (0-662-87021-2) de l'édition imprimée ont été incorrectement copiés dans l'édition électronique. |
| 504 | |aBibliographie. |
| 590 | |a11-30-Supp|b2011-12-02 |
| 691 | 07|aArbre|2gcpds |
| 691 | 07|aForesterie|2gcpds |
| 720 | 1 |aBurgess, Darwin |
| 720 | 1 |aPinto, Fred |
| 720 | 1 |aWetzel, Suzanne |
| 775 | 08|tSome management implications from an eastern white pine regeneration experiment|w(CaOODSP)9.572383 |
| 776 | 0#|tExpérience sur la régéneration du pin blanc : |w(CaOODSP)9.625912 |
| 830 | #0|aNotes de transfert technologique ;|vN° 28|w(CaOODSP)9.501177 |
| 856 | 40|ahttp://publications.gc.ca|qPDF|s492 Ko|uhttps://publications.gc.ca/collections/Collection/Fo29-47-28-2002F.pdf|yN° 28 |